Service manual jeep universal (Record no. 70063)

000 -LEADER
fixed length control field 00430nam a22001697a 4500
003 - CONTROL NUMBER IDENTIFIER
control field NUST - PNEC
005 - DATE AND TIME OF LATEST TRANSACTION
control field 20170116181133.0
008 - FIXED-LENGTH DATA ELEMENTS--GENERAL INFORMATION
fixed length control field 151006b xxu||||| |||| 00| 0 eng d
020 ## - INTERNATIONAL STANDARD BOOK NUMBER
International Standard Book Number -
040 ## - CATALOGING SOURCE
Transcribing agency LIBRARY
082 ## - DEWEY DECIMAL CLASSIFICATION NUMBER
Classification number 629.287 KAI
100 ## - MAIN ENTRY--PERSONAL NAME
9 (RLIN) 14080
Personal name Kaiser jeep corporation
245 ## - TITLE STATEMENT
Title Service manual jeep universal
Statement of responsibility, etc. Kaiser jeep corporation
260 ## - PUBLICATION, DISTRIBUTION, ETC.
Date of publication, distribution, etc. c.1965
650 ## - SUBJECT ADDED ENTRY--TOPICAL TERM
9 (RLIN) 14082
Topical term or geographic name entry element Jeep
General subdivision ME
942 ## - ADDED ENTRY ELEMENTS (KOHA)
Source of classification or shelving scheme
Koha item type Book
Holdings
Withdrawn status Lost status Source of classification or shelving scheme Damaged status Not for loan Permanent Location Current Location Shelving location Date acquired Total Checkouts Full call number Barcode Date last seen Date last checked out Price effective from Koha item type
          Pakistan Navy Engineering College (PNEC) Pakistan Navy Engineering College (PNEC)     1 629.287 KAI PNECLIB-005762 04/06/2016 04/06/2016   Book
© 2023 Central Library, National University of Sciences and Technology. All Rights Reserved.